| 000 | 00461cam a2200157 4500500 | ||
|---|---|---|---|
| 005 | 20260329012311.0 | ||
| 041 | _afre | ||
| 042 | _adc | ||
| 100 | 1 | 0 |
_aChapon-Crouzet, Nathalie _eauthor |
| 700 | 1 | 0 |
_aNeyrand, Gérard _eauthor |
| 245 | 0 | 0 | _aIntroduction |
| 260 | _c2005. | ||
| 500 | _a66 | ||
| 786 | 0 | _nDialogue | 167 | 1 | 2005-03-01 | p. 3-6 | 0242-8962 | |
| 856 | 4 | 1 | _uhttps://shs.cairn.info/revue-dialogue-2005-1-page-3?lang=fr&redirect-ssocas=7080 |
| 999 |
_c1869754 _d1869754 |
||